000
00214 a2200097 4500
001
18596
100
_a
Jafarsyed ahmed
245
_a
Khutbat-e-quaid-e-azam
260
_a
_b
Maqbool academy
_c
090
_c
13824
_d
13824
942
_a
NUST-CAE
_c
M
_c
4252
999
_c
253669
_d
253669